[Event "Madureira nÃ£o tem jeito"]
[Site "http://www.queenalice.com/game.php?id=18290"]
[Date "2005.7.3"]
[Round "-"]
[White "Adriano_Pereira"]
[Black "rpina73"]
[Result "1-0"]
[WhiteElo "1399"]
[BlackElo "838"]

1. e4 e5 2. Qh5 d6 3. Bc4 Qf6 4. d4 g6 5. Qf3 Be6 6. b3 a5 7. Nh3 a4 8. Bg5 Qg7
9. dxe5 dxe5 10. Qd1 h6 11. Qd8# 1-0

[Event "Karpov X Kasparov"]
[Site "http://www.queenalice.com/game.php?id=20096"]
[Date "2005.7.17"]
[Round "-"]
[White "Adriano_Pereira"]
[Black "rpina73"]
[Result "1-0"]
[WhiteElo "1396"]
[BlackElo "863"]

1. e4 e5 2. Qh5 g6 3. Qxe5+ Qe7 4. Qxh8 Nf6 5. b3 c5 6. d4 Qxe4+ 7. Ne2 Ke7 8.
Bg5 Qf5 9. f4 b6 10. Ng3 Qe6+ 11. Be2 Ba6 12. d5 Qxd5 13. Qxf6+ Ke8 14. Qd8# 1-0

[Event "Kasparov x TiÃ£o MacalÃ©"]
[Site "http://www.queenalice.com/game.php?id=20174"]
[Date "2005.7.18"]
[Round "-"]
[White "Adriano_Pereira"]
[Black "rpina73"]
[Result "1-0"]
[WhiteElo "1444"]
[BlackElo "861"]

1. e4 c5 2. Qf3 Qb6 3. Bc4 d5 4. Bxd5 e6 5. Bc4 Ne7 6. Nh3 g6 7. Ng5 Bh6 8.
Qxf7+ Kd7 9. Bxe6+ Kd8 10. Bxc8 Bxg5 11. Qe6 Rf8 12. Qxb6+ axb6 13. Bxb7 Ra4 14.
Nc3 Rd4 15. d3 Bh4 16. g3 Bf6 17. Bh6 Rf7 18. Nb5 Rd7 19. Bf4 Bxb2 20. Rb1 Ba3
21. Ba8 c4 22. dxc4 Na6 23. Rd1 Bb4+ 24. c3 Bc5 25. Bc6 Nb8 26. Bxb8 Bxf2+ 27.
Ke2 Bc5 28. Rxd7+ Kc8 29. Rxe7 Rf2+ 30. Kd1 Kxb8 31. Re8# 1-0

[Event "Mais uma ?"]
[Site "http://www.queenalice.com/game.php?id=21043"]
[Date "2005.7.23"]
[Round "-"]
[White "rpina73"]
[Black "SandroChaves"]
[Result "0-1"]
[WhiteElo "907"]
[BlackElo "1410"]

1. e4 e5 2. Qf3 Nf6 3. Bb5 c6 4. Bc4 d5 5. exd5 Qb6 6. dxc6 e4 7. Qf4 Nxc6 8.
Nc3 Qc5 9. d3 Nd4 10. Be3 Bd6 11. Qh4 Ng4 12. Bb5+ Nxb5 13. Bxc5 Bxc5 14. Nxb5
Rb8 15. Qxg4 Bxg4 16. f3 exf3 17. gxf3 Bd7 18. Nxa7 Bxa7 19. O-O-O Rc8 20. Re1+
Kd8 21. Ne2 h5 22. Nd4 Bxd4 23. Re4 Bf6 24. Rhe1 g5 25. b4 Ra8 26. Re7 Bxe7 27.
Rxe7 Kxe7 28. c4 Rxa2 29. b5 Rha8 30. d4 Rf2 31. f4 Ra1# 0-1

[Event "Darth Orange"]
[Site "http://www.queenalice.com/game.php?id=21196"]
[Date "2005.7.24"]
[Round "-"]
[White "Adriano_Pereira"]
[Black "rpina73"]
[Result "1-0"]
[WhiteElo "1500"]
[BlackElo "909"]

1. e4 g6 2. Bc4 e6 3. b4 Qf6 4. c3 a5 5. Qf3 axb4 6. Qxf6 Nxf6 7. cxb4 Bxb4 8.
Bb2 Nxe4 9. Bxh8 Ra5 10. a3 Bc5 11. d3 Nd6 12. Bf6 Bd4 13. Bxd4 b5 14. Ba2 Nf5
15. Bc3 b4 16. Bxb4 Re5+ 17. Kd1 Ba6 18. g4 Nd4 19. Bc3 c5 20. Bxd4 Rg5 21. Be3
Rxg4 22. Bxc5 Bxd3 23. f3 Rg2 24. Bd6 Be2+ 25. Ke1 Nc6 26. Nc3 Nd4 27. Ncxe2
Rxe2+ 28. Nxe2 Nxe2 29. Kxe2 f5 30. Rab1 h5 31. Rhg1 Kf7 32. Rb7 f4 33. Bb1 Kf6
34. Rxg6+ Kf7 35. Rxd7+ Ke8 36. Ra7 Kd8 37. Rg8# 1-0

[Event "Challenge"]
[Site "http://www.queenalice.com/game.php?id=23701"]
[Date "2005.8.11"]
[Round "-"]
[White "paulmorphy"]
[Black "rpina73"]
[Result "1/2-1/2"]
[WhiteElo "1476"]
[BlackElo "892"]

1. e4 e5 2. Nf3 Qf6 3. Bc4 Qg6 4. Nc3 Qxg2 5. Rg1 Qh3 6. Bxf7+ Kxf7 7. Ng5+ Kf6
8. Nxh3 d5 9. Nxd5+ Ke6 10. Nxc7+ Kd7 11. Nxa8 b5 12. Qg4+ Kd8 13. Qg5+ Nf6 14.
Qxe5 Nbd7 15. Qc7+ Ke7 16. Qxc8 g6 17. Qa6 Bh6 18. d4 Rxa8 19. Bxh6 Ng8 20. Bg5+
Ngf6 21. Bxf6+ Nxf6 22. Qb7+ Nd7 23. Qxa8 Nb6 24. Qb7+ Nd7 25. Qxb5 Kd6 26.
O-O-O Ke7 27. d5 Ne5 28. d6+ Ke6 29. Qxe5+ Kd7 30. Qe7+ Kc6 31. Qxa7 h5 32. d7
g5 33. Rxg5 h4 34. f4 1/2-1/2

[Event "Quero ver agora !!!"]
[Site "http://www.queenalice.com/game.php?id=24182"]
[Date "2005.8.15"]
[Round "-"]
[White "rpina73"]
[Black "Adriano_Pereira"]
[Result "0-1"]
[WhiteElo "905"]
[BlackElo "1439"]

1. e4 e5 2. Qf3 f6 3. Nc3 Nc6 4. Nh3 Nb4 5. Rb1 Nxc2+ 6. Kd1 Nd4 7. Qg4 d5 8.
Nxd5 Bxg4+ 9. f3 Bd7 10. b4 c6 11. Nc3 Nh6 12. Bc4 b5 13. Bb3 Bxb4 14. a3 Bf8
15. g4 Nxf3 16. Rf1 Bxg4 17. Nf2 Nxh2+ 18. Ke1 Nxf1 19. Kxf1 Qd4 20. Rb2 Bc5 21.
Ncd1 Bxd1 22. Nxd1 Qg1+ 23. Ke2 Rd8 24. Rc2 Rf8 25. Be6 Qg2+ 26. Ke1 Qxe4+ 27.
Ne3 Bxe3 28. dxe3 Qxc2 29. Bd2 Rxd2 30. Kf1 Qc1# 0-1

[Event "Challenge"]
[Site "http://www.queenalice.com/game.php?id=25330"]
[Date "2005.8.22"]
[Round "-"]
[White "toura"]
[Black "rpina73"]
[Result "1-0"]
[WhiteElo "999"]
[BlackElo "906"]

1. Nf3 e6 2. d4 Bd6 3. c4 b6 4. Bg5 f6 5. Bh4 g5 6. Bg3 Nh6 7. h3 c5 8. e3 g4 9.
Bxd6 f5 10. Ne5 Rf8 11. Bxf8 Kxf8 12. hxg4 Nc6 13. Nxc6 Qc7 14. Ne5 Bb7 15. Rxh6
Re8 16. Rxh7 Re7 17. Ng6+ Ke8 18. Rxe7+ Kd8 19. gxf5 Qh2 20. f3 Kc7 21. fxe6 Kc6
22. d5+ Kc7 23. Rxd7+ Kc8 24. Ne7+ Kb8 25. Rd8+ Kc7 26. Rd7+ Kb8 27. Nc6+ Kc8
28. Nxa7+ Kb8 29. Qa4 Ka8 30. Rd8+ Bc8 31. Rxc8+ Kb7 32. Qc6+ Kxa7 33. Ra8# 1-0

[Event "TÃ¡s tolo, Ã©?.. ganha uma."]
[Site "http://www.queenalice.com/game.php?id=25594"]
[Date "2005.8.24"]
[Round "-"]
[White "SandroChaves"]
[Black "rpina73"]
[Result "1-0"]
[WhiteElo "1457"]
[BlackElo "903"]

1. g3 h5 2. d4 Rh6 3. Bxh6 Nxh6 4. g4 Nxg4 5. Nc3 e6 6. Qd2 Qf6 7. Ne4 Qf5 8.
Bg2 d5 9. O-O-O dxe4 10. Nh3 Nc6 11. f3 exf3 12. Bxf3 Bd6 13. e4 Qxf3 14. Rhe1
Qxh3 15. d5 Nb4 16. dxe6 Bxe6 17. a3 Na2+ 18. Kb1 Bxa3 19. e5 Bb4 20. c3 Rd8 21.
Qxd8# 1-0

[Event "Challenge"]
[Site "http://www.queenalice.com/game.php?id=26267"]
[Date "2005.8.28"]
[Round "-"]
[White "mza"]
[Black "rpina73"]
[Result "1-0"]
[WhiteElo "1518"]
[BlackElo "901"]

1. e4 e5 2. Bc4 Nc6 3. Qf3 f6 4. Qh5+ g6 5. Qf3 Nd4 6. Qd3 Bc5 7. c3 Nc6 8. Qd5
Nh6 9. d3 Bb6 10. Bxh6 Qe7 11. Qb5 a6 12. Qb3 Na5 13. Qd1 f5 14. Nf3 fxe4 15.
Ng5 Rf8 16. Bxf8 Qxf8 17. Nxe4 d5 18. Bxd5 Bf5 19. O-O Rd8 20. c4 Bd4 21. Nbc3
c6 22. Qa4 b5 23. Bxc6+ Nxc6 24. cxb5 axb5 25. Qxb5 Kd7 26. Qb7+ Ke8 27. Qxc6+
Bd7 28. Nf6+ Ke7 29. Ncd5+ Kf7 30. Nxd7 Ke8 31. Qe6+ Qe7 32. Qxe7# 1-0

[Event "Challenge"]
[Site "http://www.queenalice.com/game.php?id=27841"]
[Date "2005.9.9"]
[Round "-"]
[White "alepitboe"]
[Black "rpina73"]
[Result "1-0"]
[WhiteElo "1377"]
[BlackElo "957"]

1. c4 e5 2. e4 Nf6 3. f3 Bc5 4. Nc3 Na6 5. Nh3 Nh5 6. b3 Qh4+ 7. g3 Qf6 8. Bb2
O-O 9. Nd5 Qg6 10. Qc1 f5 11. Bxe5 d6 12. Ne7+ Kh8 13. Nxg6+ Kg8 14. Qc3 fxe4
15. Ng5 Rf5 16. Ne7+ Kf8 17. Nxf5 Bxf5 18. Ne6+ Bxe6 19. Bd4 Rd8 20. fxe4 Bb4
21. Bxg7+ Kf7 22. Qd4 c5 23. Qf2+ Kg6 24. Bc3 Nf6 25. Bd3 Kf7 26. Qxf6+ 1-0

[Event "Challenge"]
[Site "http://www.queenalice.com/game.php?id=28035"]
[Date "2005.9.10"]
[Round "-"]
[White "alepitboe"]
[Black "rpina73"]
[Result "1-0"]
[WhiteElo "1331"]
[BlackElo "959"]

1. e4 e5 2. c4 Nc6 3. Nc3 Qf6 4. Nd5 Bc5 5. Nxf6+ gxf6 6. Qg4 Nh6 7. Qh5 Ng8 8.
Qg4 d5 9. Qg7 Nge7 10. Qxh8+ Kd7 11. d3 Ng6 12. Qxh7 Bb4+ 13. Bd2 a5 14. Qxf7+
Nge7 15. cxd5 Nd4 16. O-O-O Ra6 17. Bxb4 axb4 18. Nf3 Rxa2 19. Nxd4 exd4 20.
Qxf6 b6 21. Qxd4 Ra1+ 22. Kc2 Ra2 23. Qxb4 Bb7 24. Qd4 b5 25. g3 Ra6 26. Bh3+
Kd6 27. e5# 1-0

[Event "Faxinal x Floripa"]
[Site "http://www.queenalice.com/game.php?id=30398"]
[Date "2005.9.25"]
[Round "-"]
[White "Adriano_Pereira"]
[Black "rpina73"]
[Result "1-0"]
[WhiteElo "1435"]
[BlackElo "906"]

1. e4 e5 2. Qh5 Qf6 3. Bc4 Bc5 4. f3 g6 5. Qg4 h5 6. Qg3 d6 7. f4 exf4 8. Qc3
Rh6 9. d3 f3 10. gxf3 Qh4+ 11. Kd1 Nc6 12. Qb3 Be6 13. Bxe6 fxe6 14. Qxe6+ Nge7
15. Bxh6 Qf2 16. Nh3 Qg2 17. Bg5 Qxh1+ 18. Kd2 Bd4 19. b4 Qxh2+ 20. Kd1 Rd8 21.
b5 Rd7 22. bxc6 bxc6 23. c3 Bc5 24. d4 Bb6 25. Nd2 d5 26. exd5 Rd6 27. Qxe7# 1-0

[Event "Aprendeu a liÃ§Ã£o?"]
[Site "http://www.queenalice.com/game.php?id=31746"]
[Date "2005.10.5"]
[Round "-"]
[White "SandroChaves"]
[Black "rpina73"]
[Result "1-0"]
[WhiteElo "1492"]
[BlackElo "904"]

1. e4 e5 2. Nh3 Nh6 3. Qh5 Qf6 4. Bc4 Bc5 5. O-O d5 6. Bb5+ c6 7. Ba4 dxe4 8.
Nc3 Ng4 9. Nd5 O-O 10. Nxf6+ gxf6 11. d3 exd3 12. Rd1 dxc2 13. Bxc2 Be6 14.
Qxh7# 1-0

[Event "Challenge"]
[Site "http://www.queenalice.com/game.php?id=34116"]
[Date "2005.10.20"]
[Round "-"]
[White "mza"]
[Black "rpina73"]
[Result "0-1"]
[WhiteElo "1574"]
[BlackElo "902"]

1. e4 e5 2. Nf3 Nf6 3. Nxe5 Nxe4 4. Qf3 Qf6 5. Qxe4 Bc5 6. Nc6+ Qe6 7. Qxe6+
dxe6 8. Nxb8 Rxb8 9. Be2 O-O 10. O-O Rd8 11. d3 Rd4 12. Be3 Rd5 13. Nc3 Rh5 14.
Bxh5 g6 15. d4 Bb6 16. Bf3 e5 17. Nd5 Bxd4 0-1

[Event "Mais uma"]
[Site "http://www.queenalice.com/game.php?id=35104"]
[Date "2005.10.27"]
[Round "-"]
[White "Adriano_Pereira"]
[Black "rpina73"]
[Result "1-0"]
[WhiteElo "1470"]
[BlackElo "932"]

1. e4 Nf6 2. Qf3 h5 3. Bc4 Nc6 4. e5 Nxe5 5. Qb3 d5 6. Bf1 Bf5 7. Qxb7 Ne4 8.
Bb5+ Nd7 9. Bc6 Rb8 10. Qxa7 Rb6 11. Bxd5 Rhh6 12. d3 Ra6 13. Qe3 Ndf6 14. dxe4
Re6 15. Bxe6 fxe6 16. exf5 exf5 17. Qe6 Ng4 18. Bxh6 gxh6 19. Nc3 Qd6 20. Qxf5
Qe5+ 21. Qxe5 Nxe5 22. Rd1 e6 23. Nf3 Ng4 24. O-O Ne5 25. Nxe5 Bd6 26. Ng6 Bxh2+
27. Kxh2 Kf7 28. Ne5+ Kf6 29. Rde1 Kf5 30. a4 h4 31. a5 c5 32. a6 Kf4 33. g4 Kg5
34. Ne4+ Kf4 35. Nxc5 Kg5 36. Ncd7 h5 37. gxh5 Kxh5 38. Rg1 Kh6 39. Nf8 Kh5 40.
Nf7 e5 41. Rxe5# 1-0